[Event "Tel Aviv-B"]
[Site "Tel Aviv"]
[Date "1991.??.??"]
[Round "4"]
[White "Temanlis, Yoel"]
[Black "Andrianov, Nikolai"]
[Result "1/2-1/2"]
[WhiteElo "2255"]
[BlackElo "2445"]

1.e4 c5 2.Nc3 Nc6 3.Nge2 e6 4.g3 d5 5.exd5 exd5 6.Bg2 Nf6 7.d4 cxd4 8.Nxd4 Bb4
9.O-O O-O 10.Bg5 Bxc3 11.bxc3 h6 12.Bxf6 Qxf6 13.Bxd5 Rd8 14.Qf3 Nxd4 15.cxd4 Qxf3
16.Bxf3 Rxd4 17.Rfd1 Rxd1+ 18.Rxd1 Bf5 19.c4 Rc8 20.Bxb7  1/2-1/2

[Event "Tel Aviv"]
[Site "Tel Aviv"]
[Date "1991.??.??"]
[Round "8"]
[White "Gruenfeld, Yehuda"]
[Black "Grivas, Efstratios"]
[Result "0-1"]
[WhiteElo "2505"]
[BlackElo "2425"]

1.e4 c5 2.Nf3 Nc6 3.Nc3 e5 4.Bc4 h6 5.d3 Nf6 6.Nd5 d6 7.c3 Be7 8.a3 O-O 9.b4 Be6
10.O-O Re8 11.Rb1 Rb8 12.Be3 Bf8 13.Nd2 Nd7 14.Re1 b5 15.Bb3 a5 16.Nf1 Ne7
17.Qf3 axb4 18.axb4 Bxd5 19.exd5 cxb4 20.cxb4 g6 21.g4 Bg7 22.Ng3 f5 23.gxf5 Rf8
24.Ne4 Nxf5 25.Qg4 Kh7 26.Kh1 Nf6 27.Qg2 Nxe4 28.dxe4 Nxe3 29.Rxe3 Rc8 30.Rg1 Rf6
31.Bd1 Rc1 32.Rg3 Qe8 33.Qh3 Qf7 34.f3 h5 35.Be2 Rxg1+ 36.Rxg1 Bh6 37.Ra1 Qc7
38.Bxb5 Bf4 39.Qd7+ Qxd7 40.Bxd7 Bd2 41.b5 Rxf3 42.b6 Rb3 43.Ra7 Rxb6 44.Bc6+ Kh6
45.Rd7 Bb4 46.Rd8 Bc5 47.Rg8 Kh7 48.Re8 Rb4 49.Re6 Rxe4 50.Kg2 Rg4+ 51.Kf3 Rf4+
52.Kg2 e4 53.h3 h4 54.Be8 Rf2+ 55.Kh1 e3 56.Bxg6+ Kg7 57.Bd3 Rd2 58.Bc4 Kf7
59.Re4 Kf6 60.Re8 Kf5 61.Re7 Bd4 62.Re8 Be5 63.Rg8 e2  0-1

[Event "Tel Aviv-B"]
[Site "Tel Aviv"]
[Date "1991.??.??"]
[Round "10"]
[White "Temanlis, Yoel"]
[Black "Zilberman, Yaacov"]
[Result "0-1"]
[WhiteElo "2255"]
[BlackElo "2425"]

1.e4 c5 2.Nc3 Nc6 3.Nf3 g6 4.d4 cxd4 5.Nxd4 Bg7 6.Nde2 Nf6 7.g3 b6 8.Bg2 Ba6
9.O-O Rc8 10.Re1 O-O 11.h3 d6 12.Nf4 Qd7 13.Nfd5 e6 14.Ne3 Rfd8 15.a4 Bb7
16.g4 h6 17.Ne2 Ne5 18.f4 Nc4 19.Nc3 Na5 20.g5 hxg5 21.fxg5 Nh5 22.Ng4 Nc4
23.Rf1 d5 24.exd5 exd5 25.Ne2 d4 26.Nf4 Nxf4 27.Bxf4 Bxg2 28.Kxg2 Nxb2 29.Qe1 Rxc2+
30.Kg1 Qd5 31.Qg3 d3 32.Nf6+ Bxf6 33.gxf6 d2  0-1

[Event "Torcy op"]
[Site "Torcy"]
[Date "1991.??.??"]
[Round "?"]
[White "Lamoureux, Serge"]
[Black "L'Hoste, F."]
[Result "1-0"]
[WhiteElo "2120"]
[BlackElo "2010"]

1.e4 c5 2.Nc3 Nc6 3.Nge2 g6 4.d4 cxd4 5.Nxd4 Bg7 6.Be3 Nf6 7.Nxc6 bxc6 8.e5 Ng8
9.f4 d6 10.Bc4 Nh6 11.Qf3 d5 12.Be2 Bg4 13.Qf2 O-O 14.Bd4 Qa5 15.O-O Rfb8
16.Bd3 Be6 17.a3 Ng4 18.Qg3 c5 19.b4 cxb4 20.f5 Bd7 21.Qxg4 bxc3 22.e6 Bxd4+
23.Qxd4 Be8 24.Kh1 fxe6 25.fxe6 Bb5 26.Rf7  1-0

[Event "Torcy op"]
[Site "Torcy"]
[Date "1991.??.??"]
[Round "?"]
[White "Delanoy, Arnaud"]
[Black "Hayoun, Lionel"]
[Result "0-1"]
[WhiteElo "2210"]
[BlackElo "2130"]

1.e4 c5 2.Nc3 Nc6 3.Nf3 g6 4.d4 cxd4 5.Nxd4 Bg7 6.Be3 Nf6 7.Nxc6 bxc6 8.e5 Ng8
9.f4 d6 10.exd6 exd6 11.Bd4 Nf6 12.Qd2 O-O 13.O-O-O Be6 14.h3 Qa5 15.a3 Rab8
16.Ne4 Qxd2+ 17.Nxd2 Nh5 18.Bxg7 Kxg7 19.Nf3 Bd5 20.c4 Bxf3 21.gxf3 Rbd8
22.Rd4 c5 23.Rd2 Nxf4 24.Rg1 Rfe8 25.Rg4 Ne6 26.Re2 Nd4 27.Rxe8 Rxe8 28.Bd3 Re1+
29.Kd2 Nxf3+ 30.Kc3 f5 31.Rg2 Re3 32.Re2 Rxe2 33.Bxe2 Nd4 34.Bd3 a5 35.b4 axb4+
36.axb4 Kf6 37.b5 Ke5 38.Bf1 f4 39.b6 f3 40.b7 Nc6 41.Kb3 Na5+  0-1

[Event "Torcy op"]
[Site "Torcy"]
[Date "1991.??.??"]
[Round "?"]
[White "Lupu, Mircea Sergiu"]
[Black "Lanka, Zigurds"]
[Result "1/2-1/2"]
[WhiteElo "2430"]
[BlackElo "2510"]

1.e4 c5 2.Nc3 Nc6 3.Nf3 d6 4.d4 cxd4 5.Nxd4 Nf6 6.Bc4 e6 7.O-O Be7 8.Kh1 O-O
9.f4 d5 10.Nxc6 bxc6 11.Bd3 c5 12.e5 Nd7 13.b3 g6 14.Bd2 Nb6 15.Qf3 Bb7 16.f5 exf5
17.Bh6 Bc8 18.Rad1 Be6 19.Bxf8 Qxf8 20.a4 a5 21.Bb5 d4 22.Ne2 Bd5 23.Qg3 Qg7
24.Nf4 Rf8 25.c3 Bxb3 26.Rb1 Bc2 27.Rb2 Be4 28.cxd4 cxd4 29.Rd2 Bc5 30.Ne2 Nd5
31.Nxd4 f4 32.Qe1 Qxe5 33.Nf3 Qe7 34.Ng5 Ne3 35.Nxe4 Qxe4 36.Qe2 h5 37.Rc1 Ba3
38.Ra1 Bb4 39.Rd7 Rc8 40.Qf3 Qe5 41.Rg1 Bd6 42.Qb7 Rf8 43.Qf3 Ng4 44.Rf1 Nf6
45.Ra7 Ne4 46.Qe2 Bc5 47.Rd7 Be3 48.Bc4 Kg7 49.Rxf7+ Rxf7 50.Bxf7 h4 51.Bc4 h3
52.Bd3 Ng5 53.Rd1 Kh6 54.Qg4 hxg2+ 55.Qxg2 f3 56.Qg4 f2 57.h4 Qd5+ 58.Qg2 f1=Q+
59.Rxf1 Qxd3 60.hxg5+ Bxg5 61.Qh2+ Kg7 62.Qe5+  1/2-1/2

[Event "Torcy op"]
[Site "Torcy"]
[Date "1991.??.??"]
[Round "?"]
[White "Delanoy, Arnaud"]
[Black "L'Hoste, F."]
[Result "0-1"]
[WhiteElo "2210"]
[BlackElo "2010"]

1.e4 c5 2.Nc3 Nc6 3.Nf3 d6 4.d4 cxd4 5.Nxd4 Nf6 6.Bc4 e5 7.Nf5 Be6 8.Bb3 Qd7
9.Bg5 Bxf5 10.Bxf6 Be6 11.Bg5 Bxb3 12.axb3 Be7 13.Be3 O-O 14.O-O f5 15.f4 fxe4
16.Qd5+ Kh8 17.fxe5 Nb4 18.Qd2 d5 19.Nxe4 Qe6 20.Rxf8+ Rxf8 21.Nc5 Qc8 22.Qxb4 b6
23.Rxa7 Qf5 24.Qe1 Bxc5 25.Bxc5 bxc5 26.e6 Re8 27.Qf2 Qxe6 28.h3 d4 29.b4 Qe5
30.Rf7 Kg8 31.Rf5 Qe3 32.Rxc5 Qc1+ 33.Kh2 Qxb2 34.Qd2 d3 35.Qxd3 Qxb4 36.Qd5+ Kh8
37.Qf7 Qb1 38.Rc7 Rg8 39.h4 h6 40.c4 Kh7 41.c5 Qb8 42.Kh3 Qb1 43.c6 Qh1+
44.Kg3 Qe1+ 45.Qf2 Qb4 46.Qc2+ Kh8 47.Rd7 Ra8 48.Kh3 Qf4 49.Qd3 Qf8 50.g3 Qc8
51.Qd4 Qf8 52.c7 Qf5+ 53.Kg2 Ra2+ 54.Qd2 Rxd2+ 55.Rxd2 Kh7  0-1

[Event "Val Thorens op"]
[Site "Val Thorens"]
[Date "1991.??.??"]
[Round "?"]
[White "Cosma, Elena Luminita"]
[Black "Sery, Patrick"]
[Result "1-0"]
[WhiteElo "2270"]
[BlackElo "2100"]

1.e4 c5 2.Nf3 Nc6 3.Nc3 Nf6 4.Bb5 d6 5.d4 cxd4 6.Qxd4 Bd7 7.Bxc6 Bxc6 8.Bg5 Qa5
9.b4 Qc7 10.O-O h6 11.Bxf6 gxf6 12.b5 Bd7 13.Nd5 Qd8 14.a4 Bg7 15.Nh4 Rg8
16.Nf5 Bxf5 17.exf5 e5 18.Rfe1 Bf8 19.Qc4 Kd7 20.b6 Be7 21.Qb5+ Kc8 22.Ra3 Kb8
23.Rc3 axb6 24.Nxb6 Ra6 25.a5 Qe8 26.Rc8+ Qxc8 27.Nxc8 Rxc8 28.Rb1 Ra7 29.a6 Rd8
30.Qd5 Rd7 31.Qc6  1-0

[Event "Vienna op"]
[Site "Vienna"]
[Date "1991.??.??"]
[Round "1"]
[White "Mitkov, Nikola"]
[Black "Karakashian, Narine"]
[Result "1-0"]
[WhiteElo "2490"]
[BlackElo "2175"]

1.e4 c5 2.Nc3 Nc6 3.Nf3 e5 4.Bc4 Be7 5.O-O d6 6.d3 Nf6 7.Ng5 O-O 8.f4 h6
9.Nf3 Bg4 10.h3 Bxf3 11.Qxf3 exf4 12.Bxf4 Ne5 13.Bxe5 dxe5 14.Rf2 a6 15.a4 Qb6
16.b3 Qa5 17.Nd5 Bd8 18.Nxf6+ Bxf6 19.Qh5 Qd8 20.Raf1 Qd4 21.Kh1 Bg5 22.Rxf7 Rxf7
23.Qxf7+ Kh8 24.Qxb7 Rd8 25.Qxa6 Qe3 26.Qa5 Bh4 27.Qc7 Qe2 28.Qf7  1-0

[Event "Vienna op"]
[Site "Vienna"]
[Date "1991.??.??"]
[Round "9"]
[White "Mitkov, Nikola"]
[Black "Stajcic, Nikola"]
[Result "1-0"]
[WhiteElo "2490"]
[BlackElo "2310"]

1.e4 c5 2.Nc3 Nc6 3.Nf3 d6 4.d4 cxd4 5.Nxd4 Nf6 6.Bc4 Qb6 7.Ndb5 a6 8.Be3 Qa5
9.Nd4 g6 10.O-O Bg7 11.h3 O-O 12.Bb3 Bd7 13.Re1 Rac8 14.Nd5 Nxd5 15.exd5 Ne5
16.Qe2 Qc7 17.Rad1 Rfe8 18.c3 Bf6 19.Nf3 Bb5 20.Qd2 Nxf3+ 21.gxf3 Bd7 22.Kg2 Bf5
23.Bd4 Kg7 24.Qf4 Qd7 25.h4 h5 26.Bb6 Qb5 27.Be3 Kg8 28.Bd4 Bxd4 29.Rxd4 Qd7
30.Qh6 b5 31.Kh2 a5 32.a3 e5 33.dxe6 Bxe6 34.Bd1 Rc5 35.Qf4 Rd8 36.Bc2 Kg7
37.Red1 d5 38.Qg5 Qc7+ 39.Kh1 Rh8 40.Rf4 Qd8 41.Qe5+ Kh7 42.Bxg6+ fxg6 43.Qxe6 Rg8
44.Rg1 Rg7 45.Rg5 Qc7 46.Rf6  1-0

[Event "Vrnjacka Banja"]
[Site "Vrnjacka Banja"]
[Date "1991.??.??"]
[Round "10"]
[White "Hebden, Mark"]
[Black "Maksimenko, Andrei"]
[Result "0-1"]
[WhiteElo "2475"]
[BlackElo "2370"]

1.e4 c5 2.Nc3 Nc6 3.Nf3 d6 4.d4 cxd4 5.Nxd4 e6 6.Be2 Nf6 7.O-O Be7 8.Be3 O-O
9.Qe1 a6 10.Rd1 Qc7 11.f4 Nxd4 12.Bxd4 b5 13.Qg3 Bb7 14.a3 Bc6 15.Kh1 Rad8
16.e5 dxe5 17.Bxe5 Qc8 18.Bd3 Nh5 19.Qh3 g6 20.f5 exf5 21.Bxf5 Qb7 22.Bg4 Ng7
23.Bf3 Ne6 24.Bxc6 Qxc6 25.Qf3 Qxf3 26.gxf3 f6 27.Bg3 Kf7 28.Kg2 Nd4 29.Bc7 Rc8
30.Bb6 Nf5 31.Rd7 Rc6 32.Bf2 Rd8 33.Ra7 Ke8 34.Re1 Rd7 35.Re2 Nh4+ 36.Kg3 Nf5+
37.Kh3 Rxa7 38.Bxa7 Kf7 39.a4 Rc7 40.Bb6 Rb7 41.a5 Rd7 42.Ne4 Rd5 43.Kg2 Ng7
44.Kf2 Ne6 45.Rd2 Rxd2+ 46.Nxd2 Ke8 47.Ke3 Kd7 48.c4 Kc6 49.cxb5+ Kxb5 50.Ke4 Bb4
51.Nb3 Kc4 52.Nc1 Nc5+ 53.Ke3 Nb7 54.f4 Bxa5 55.Bxa5 Nxa5 56.h4 Kd5 57.f5 Nc4+
58.Kf4 Nxb2 59.fxg6 hxg6 60.Ne2 a5 61.Nc3+ Kc4  0-1

[Event "Vrnjacka Banja"]
[Site "Vrnjacka Banja"]
[Date "1991.??.??"]
[Round "12"]
[White "Hebden, Mark"]
[Black "Pavlovic, Milos"]
[Result "0-1"]
[WhiteElo "2475"]
[BlackElo "2480"]

1.e4 c5 2.Nc3 Nc6 3.Nf3 g6 4.d4 cxd4 5.Nxd4 Bg7 6.Nb3 Nf6 7.Be2 O-O 8.O-O b6
9.Kh1 Bb7 10.Bg5 Rc8 11.f4 d5 12.exd5 Nb4 13.Bf3 Ba8 14.Bxf6 Bxf6 15.a3 Bxc3
16.axb4 Bxb2 17.Rxa7 Qd6 18.Nd4 Rfd8 19.f5 Bxd5 20.Nb5 Qe5 21.fxg6 hxg6 22.Rxe7 Be6
23.Qe1 Qxb5 24.Rxe6 fxe6 25.Qxe6+ Kh8 26.Rb1 Kh7 27.h4 Qe5 28.Qxb6 Rd4  0-1

[Event "Vrnjacka Banja"]
[Site "Vrnjacka Banja"]
[Date "1991.??.??"]
[Round "12"]
[White "Mitkov, Nikola"]
[Black "Davies, Nigel R"]
[Result "1/2-1/2"]
[WhiteElo "2370"]
[BlackElo "2500"]

1.e4 c5 2.Nc3 Nc6 3.Nf3 g6 4.d4 cxd4 5.Nxd4 Bg7 6.Be3 Nf6 7.Bc4 Qa5 8.O-O O-O
9.Bb3 d6 10.h3 Bd7 11.Re1 Rad8 12.Qd2 e6 13.Rad1 Nxd4 14.Bxd4 Bc6 15.Bxf6 Bxf6
16.Nd5 Qxd2 17.Nxf6+ Kg7 18.Nh5+ Kh6 19.Rxd2 Kxh5 20.f3 Rd7 21.Kf2 Kg5 22.h4+ Kf6
23.g4 h6 24.Kg3 g5 25.hxg5+ hxg5 26.Rh2 Rdd8 27.Rh6+ Kg7 28.Rh5 Kf6 29.Reh1 Rg8
30.c3 d5 31.Rh6+ Ke7 32.exd5 Bxd5 33.Bxd5 Rxd5 34.R6h2 Rgd8 35.Re1 Rd1 36.Rxd1 Rxd1
37.Re2 Kd6 38.Re4 Rd2 39.Rb4 b6 40.a4 f6 41.Rb5 Kc6 42.Rb4 a5 43.Rb5 Rd1
44.Kf2 Ra1 45.b3 Rc1 46.c4 Rc3 47.Ke2 e5 48.Kf2 Rd3 49.Ke2 Rc3  1/2-1/2

[Event "Warsaw Legion op"]
[Site "Warsaw"]
[Date "1991.??.??"]
[Round "3"]
[White "Kupreichik, Viktor D"]
[Black "Berkovich, Mark A"]
[Result "1-0"]
[WhiteElo "2460"]
[BlackElo "2405"]

1.e4 c5 2.Nf3 Nc6 3.Nc3 g6 4.d4 cxd4 5.Nxd4 Bg7 6.Nb3 Bxc3+ 7.bxc3 Nf6 8.Bd3 d5
9.exd5 Qxd5 10.O-O O-O 11.c4 Qd6 12.h3 Bf5 13.Bxf5 Qxd1 14.Rxd1 gxf5 15.Bb2 Ne4
16.Rd5 f6 17.Rxf5 Rac8 18.c5 e5 19.Rh5 Rf7 20.Re1 Ng5 21.f4 Ne6 22.fxe5 fxe5
23.Bxe5 Nxe5 24.Rhxe5 Nf4 25.R1e4 Rcf8 26.Re7 Nd5 27.Rg4+ Kh8 28.Rxf7 Rxf7
29.Ra4 a6 30.c6 bxc6 31.Rxa6 Ne3 32.Rxc6 Rf1+ 33.Kh2 Rf2 34.Kg3 Rxg2+ 35.Kf3 Rxc2
36.Rxc2 Nxc2 37.a4 Kg7 38.a5 Nb4 39.Nc5 Kf6 40.a6 Nc6 41.Ke4 Kg5 42.Ne6+ Kh4
43.Nd4 Na7 44.Kd5  1-0

[Event "Warsaw Legion op"]
[Site "Warsaw"]
[Date "1991.??.??"]
[Round "7"]
[White "Zapolskis, Antanas"]
[Black "Sherbakov, Ruslan"]
[Result "1-0"]
[WhiteElo "2370"]
[BlackElo "2505"]

1.e4 c5 2.Nf3 Nc6 3.Nc3 d6 4.d4 cxd4 5.Nxd4 Nf6 6.Bc4 e6 7.Be3 Be7 8.Qe2 O-O
9.O-O-O a6 10.Bb3 Nd7 11.Kb1 Qc7 12.f4 Nc5 13.f5 Ne5 14.Nf3 Bd7 15.Nxe5 dxe5
16.f6 gxf6 17.Bh6 Kh8 18.Bxf8 Rxf8 19.Qh5 b5 20.Rhe1 b4 21.Re3 Rg8 22.Ne2 Rg6
23.Bc4 Bc6 24.Ng3 Qb7 25.Qe2 a5 26.Qe1 a4 27.b3 Kg8 28.Be2 axb3 29.axb3 Nxe4
30.Bh5 Nxg3 31.Bxg6 hxg6 32.hxg3 e4 33.g4 f5 34.gxf5 exf5 35.Rh3 Qb8 36.Rd4 Kg7
37.Qd2 f4 38.Rc4 Qb6 39.Qxf4 Qg1+ 40.Qc1 Qxc1+ 41.Kxc1 Bd5 42.Rd4 Ba8 43.Kd1 Bc6
44.c3 Kf6 45.Rxb4 Bxb4 46.cxb4 Ke5 47.Rc3 Kd6 48.Ke2 f5 49.Ke3 g5 50.g3 Bd5
51.Kd4 f4 52.Rc5 Bxb3 53.Rxg5 fxg3 54.Kxe4 g2 55.Kd4 Kc6 56.Rxg2  1-0

[Event "Warsaw Legion op"]
[Site "Warsaw"]
[Date "1991.??.??"]
[Round "8"]
[White "Kupreichik, Viktor D"]
[Black "Zapolskis, Antanas"]
[Result "1-0"]
[WhiteElo "2460"]
[BlackElo "2370"]

1.e4 c5 2.Nf3 Nc6 3.Nc3 e5 4.Bc4 Be7 5.d3 Nf6 6.Ng5 O-O 7.f4 d6 8.f5 a6 9.g4 b5
10.Bxf7+ Rxf7 11.Nxf7 Kxf7 12.g5 Ne8 13.f6 Nxf6 14.gxf6 Bxf6 15.O-O Be6 16.Bg5 Ke7
17.Qh5 Qg8 18.Rf2 Rf8 19.Raf1 h6 20.Bxf6+ Rxf6 21.Kh1 Bf7 22.Qh4 g5 23.Qh3 Be6
24.Nd5+  1-0

[Event "Werfen"]
[Site "Werfen"]
[Date "1991.??.??"]
[Round "1"]
[White "Ciolac, Gheorghe"]
[Black "Porubszki, Georg"]
[Result "1-0"]
[WhiteElo "2445"]
[BlackElo "2285"]

1.e4 c5 2.Ne2 Nc6 3.Nbc3 g6 4.d4 cxd4 5.Nxd4 Bg7 6.Nde2 d6 7.g3 Bg4 8.Bg2 Bxe2
9.Nxe2 Rc8 10.O-O Nf6 11.c3 O-O 12.h3 Ne5 13.b3 Qa5 14.Be3 b5 15.Qd2 Rfd8
16.f4 Nc6 17.a4 b4 18.cxb4 Nxb4 19.Rac1 Qa6 20.Qxb4 Qxe2 21.Bxa7 Nh5 22.Bf2 Rxc1
23.Rxc1 Nxg3 24.Qb6 Rf8 25.Bxg3 Qd2 26.Qc6 Bd4+ 27.Kh1 Qe3 28.Bh2 Bc5 29.Rf1 Qxb3
30.f5 Kg7 31.e5 gxf5 32.exd6 exd6 33.Bxd6 Bxd6 34.Qxd6 Qxa4 35.Rg1  1-0

[Event "Hoogovens-B"]
[Site "Wijk aan Zee"]
[Date "1991.??.??"]
[Round "2"]
[White "Romero Holmes, Alfonso"]
[Black "Cifuentes Parada, Roberto"]
[Result "1/2-1/2"]
[WhiteElo "2460"]
[BlackElo "2510"]

1.e4 c5 2.Nf3 Nc6 3.Nc3 d6 4.d4 cxd4 5.Nxd4 Nf6 6.f3 Nxd4 7.Qxd4 g6 8.Bg5 Bg7
9.O-O-O O-O 10.Qb4 h6 11.Bh4 a5 12.Qb5 Bd7 13.Qxb7 Rb8 14.Qa7 Nh5 15.Rxd6 Bxc3
16.bxc3 Qc8 17.Rxd7 Qxc3 18.Qd4 Qa3+ 19.Kd2 Rb1 20.Ke2 Nf4+ 21.Kf2 f5 22.Bg3 e5
23.Qd6 Qc3 24.Qd2  1/2-1/2

[Event "Zalakaros op"]
[Site "Zalakaros"]
[Date "1991.??.??"]
[Round "6"]
[White "Gazik, Igor"]
[Black "Horvath, Sandor"]
[Result "1-0"]
[WhiteElo "2395"]
[BlackElo "2300"]

1.e4 c5 2.Nf3 Nc6 3.Nc3 e5 4.Bc4 d6 5.h3 h6 6.O-O Nge7 7.Re1 g5 8.Nd5 Bg7
9.d3 Nxd5 10.Bxd5 Ne7 11.Bc4 Be6 12.Nh2 d5 13.exd5 Bxd5 14.Bb5+ Bc6 15.Bxc6+ Nxc6
16.f4 gxf4 17.Bxf4 O-O 18.Be3 Qd6 19.Rf1 f5 20.c3 b6 21.Qa4 Rae8 22.Kh1 Ne7
23.Rae1 Qxd3 24.Qxa7 Nd5 25.Rd1 Qc4 26.Bc1 Rf7 27.Qa3 Nc7 28.Qb3 Qxb3 29.axb3 Kh7
30.Nf3 Bf6 31.Nd2 Bg5 32.Nc4 Re6 33.Nd6 Rd7 34.Nxf5 Rxd1 35.Rxd1 Bxc1 36.Rxc1 Kg6
37.Ne3 Rd6 38.Nc4 Re6 39.Ne3 b5 40.Rd1 Kg5 41.Kg1 h5 42.g3 Kf6 43.Rd7 Ne8
44.Kf2 Kg5 45.Ke2 Nd6 46.Nf1 b4 47.Nd2 bxc3 48.bxc3 Kf5 49.Rh7 Kg6 50.Rc7 e4
51.Rxc5 Nf5 52.Nf1 Ra6 53.Rd5 Ra3 54.g4 hxg4 55.hxg4 Nh6 56.Nd2 Nxg4 57.Nxe4 Kf7
58.Nc5 Ke7 59.Kd3 Nf6 60.Rd4 Ra1 61.Kc4  1-0

[Event "Wch U26"]
[Site "Antwerp"]
[Date "1992.??.??"]
[Round "3"]
[White "Reinderman, Dimitri"]
[Black "Martin del Campo, Roberto"]
[Result "0-1"]
[WhiteElo "2410"]
[BlackElo "2425"]

1.e4 c5 2.Nc3 Nc6 3.Nge2 d6 4.g3 g6 5.d4 cxd4 6.Nxd4 Nxd4 7.Qxd4 Nf6 8.Bb5+ Bd7
9.Bxd7+ Qxd7 10.Nd5 Bg7 11.Bg5 Nh5 12.Qd2 Bxb2 13.Rb1 Bf6 14.Bxf6 Nxf6 15.Qd4 b6
16.O-O Qd8 17.Rb3 O-O 18.Nxf6+ exf6 19.Rf3 Rc8 20.Rxf6 Rxc2 21.Rxd6 Qc8 22.Qa4 Qc7
23.e5 Re2 24.Qf4 Rxa2 25.Rfd1 Re2 26.Qf6 Qc3 27.Rd8 Re1+ 28.Rxe1 Qxe1+ 29.Kg2 Qe4+
30.Kg1 Qf5 31.Rxf8+ Kxf8 32.Qh8+ Ke7 33.Qb8 Qb1+ 34.Kg2 a5 35.h4 Qe4+ 36.Kh2 Qc6
37.Qa7+ Ke6 38.Qb8 a4 39.Qh8 Ke7 40.Qxh7 a3 41.e6 Qxe6 42.Qh6 a2 43.Qc1 Kf8
44.Qb2 Kg8 45.h5 gxh5 46.f4 b5 47.f5 Qa6 48.Qa1 b4 49.f6 Qe2+ 50.Kh3 b3 51.Qc3 Qf1+
52.Kh4 Qf5 53.Qxb3 Qg4+  0-1

[Event "Wch U26"]
[Site "Antwerp"]
[Date "1992.??.??"]
[Round "5"]
[White "Reinderman, Dimitri"]
[Black "Maeser, Fabian"]
[Result "1-0"]
[WhiteElo "2410"]
[BlackElo "2335"]

1.e4 c5 2.Ne2 Nc6 3.Nbc3 Nf6 4.d4 cxd4 5.Nxd4 e5 6.Ndb5 d6 7.Bg5 a6 8.Na3 b5
9.Bxf6 gxf6 10.Nd5 Bg7 11.c3 f5 12.exf5 Bxf5 13.Nc2 Be6 14.g3 Ne7 15.Bg2 Rb8
16.Ncb4 Bxd5 17.Nxd5 O-O 18.O-O a5 19.Qd2 Nxd5 20.Qxd5 Qb6 21.Rfd1 Rbd8 22.Be4 Kh8
23.Bf5 b4 24.c4 e4 25.Qxe4 h6 26.Qf4 d5 27.cxd5 Qd6 28.Qxd6 Rxd6 29.Rd2 Rfd8
30.Be4 Rc8 31.Rad1 Bf6 32.b3 Kg7 33.f4 Bc3 34.Re2 Ra8 35.g4 a4 36.Kg2 axb3
37.axb3 Ra3 38.Rb1 Rf6 39.Kg3 Rd6 40.Bf3 Ra1 41.Rxa1 Bxa1 42.h4 Rd7 43.g5 hxg5
44.fxg5 f6 45.Re6 fxg5 46.hxg5 Bc3 47.Kg4 Bd4 48.Be4 Bc5 49.Kf5 Rf7+ 50.Rf6 Rxf6+
51.gxf6+ Kf7 52.Bf3 Ke8 53.Ke6 Kd8 54.d6 Bd4 55.Bc6 Bc3 56.Kf5 Bd4 57.Kg6  1-0

[Event "Wch U26 (Women)"]
[Site "Antwerp"]
[Date "1992.??.??"]
[Round "7"]
[White "Koglin, Anke"]
[Black "Liu Xin"]
[Result "1-0"]
[WhiteElo "2125"]
[BlackElo "2105"]

1.e4 c5 2.Nc3 Nc6 3.Nf3 Nf6 4.d4 cxd4 5.Nxd4 e5 6.Ndb5 d6 7.Bg5 a6 8.Na3 b5
9.Bxf6 gxf6 10.Nd5 f5 11.c3 Bg7 12.exf5 Bxf5 13.Nc2 Be6 14.Nce3 Ne7 15.g3 Nxd5
16.Nxd5 O-O 17.Bg2 a5 18.O-O Rb8 19.Qd2 f5 20.Rfe1 Qd7 21.Rad1 Kh8 22.a3 Qf7
23.Qe3 e4 24.Nf4 Be5 25.Bf1 Bb3 26.Rc1 d5 27.Be2 Rfc8 28.Bd1 Ba2 29.b3 a4
30.bxa4 bxa4 31.Bxa4 Ra8 32.Qd2 Bxf4 33.gxf4 Rg8+ 34.Kh1 Qh5 35.Qd4+ Rg7
36.Re3 Kg8 37.Bc6 Rd8 38.c4 Rd6 39.Bxd5+ Kf8 40.Qc5 Ke7 41.Qc7+ Rd7 42.Qe5+ Kd8
43.Qf6+ Kc7 44.Qb2 Qh4 45.Rg3 Rg6 46.Rcg1 Qxf4 47.Qxa2 Rh6 48.Qb2 Qd6 49.Qb7+ Kd8
50.Qb4  1-0

[Event "Wch U26"]
[Site "Antwerp"]
[Date "1992.??.??"]
[Round "9"]
[White "Bus, Mariusz"]
[Black "Womacka, Mathias"]
[Result "1/2-1/2"]
[WhiteElo "2385"]
[BlackElo "2445"]

1.e4 c5 2.Nc3 Nc6 3.Nf3 e5 4.Bc4 d6 5.Nd5 Be7 6.c3 Nf6 7.d3 O-O 8.O-O Be6
9.Qe2 Bxd5 10.Bxd5 Nxd5 11.exd5 Nb8 12.d4  1/2-1/2

[Event "Akropolis op"]
[Site "Athens"]
[Date "1992.??.??"]
[Round "1"]
[White "Kofidis, Andreas"]
[Black "Nikolaidis, Konstantinos"]
[Result "0-1"]
[WhiteElo "2350"]
[BlackElo "2230"]

1.e4 c5 2.Nf3 Nc6 3.Nc3 Nf6 4.d4 cxd4 5.Nxd4 e5 6.Nxc6 bxc6 7.Bd3 d6 8.O-O Be7
9.Qe2 O-O 10.Kh1 Rb8 11.b3 Bg4 12.f3 Be6 13.f4 exf4 14.Bxf4 Ng4 15.Rae1 Qa5
16.Nd1 Ne5 17.Ne3 Rbd8 18.Nf5 Bf6 19.Bd2 Qc7 20.c4 Rfe8 21.Bc2 Bxf5 22.exf5 d5
23.cxd5 cxd5 24.Bd3 a5 25.Bb5 Re7 26.Qd1 d4 27.b4 Qb6 28.a4 axb4 29.Bxb4 Ra7
30.Re4 Raa8 31.Qd2 h6 32.h4 h5 33.Rd1 Ng4 34.Qf4 Bxh4 35.Rd2 Rac8 36.g3 Bf6
37.Kg2 Ne3+ 38.Kf2 Nd5 39.Qf3 Nxb4 40.Qxh5 Rc2 41.Rxc2 d3+  0-1

[Event "Akropolis op"]
[Site "Athens"]
[Date "1992.??.??"]
[Round "1"]
[White "Giaidzi, Aspasia"]
[Black "Tsorbatzoglou, Theodoros"]
[Result "1/2-1/2"]
[WhiteElo "2060"]
[BlackElo "2310"]

1.e4 c5 2.Nf3 Nc6 3.Nc3 g6 4.d4 cxd4 5.Nxd4 Bg7 6.Be3 Nf6 7.Be2 d5 8.Bb5 O-O
9.Nxc6 bxc6 10.Bxc6 Rb8 11.exd5 Rxb2 12.Bd4 Ba6 13.Ne2 Ne4 14.O-O Bxe2 15.Qxe2 Bxd4
16.Qxe4 Bf6 17.Ba4 Rb6 18.Rab1 Qd6 19.Rb3 Qc5 20.Rd1 Rfb8 21.Qe3 Qd6 22.c4 Rc8
23.Rxb6 axb6 24.Bb5 Qc5  1/2-1/2

[Event "Athens schev (Women)"]
[Site "Athens"]
[Date "1992.??.??"]
[Round "1"]
[White "Zlatanova, Emilia"]
[Black "Giaidzi, Aspasia"]
[Result "0-1"]
[WhiteElo "2110"]
[BlackElo "2060"]

1.e4 c5 2.Nc3 Nc6 3.Nge2 Nf6 4.g3 d6 5.d4 Bg4 6.dxc5 Bf3 7.Rg1 dxc5 8.Qxd8+ Rxd8
9.Be3 Nb4 10.Rc1 Nxe4 11.a3 Nd5 12.Nxd5 Rxd5 13.Nf4 Rd6 14.Bb5+ Kd8 15.Nd3 f6
16.Nxc5 Nxc5 17.Bxc5 Rd5 18.c4 Rxc5  0-1

[Event "AUT-chT"]
[Site "AUT"]
[Date "1992.??.??"]
[Round "?"]
[White "Roth, Peter"]
[Black "Horvath, Csaba"]
[Result "1-0"]
[WhiteElo "2325"]
[BlackElo "2485"]

1.e4 c5 2.Nf3 Nc6 3.Nc3 d6 4.d4 cxd4 5.Nxd4 Nf6 6.Bc4 Qb6 7.Nde2 e6 8.O-O Bd7
9.Bb3 Be7 10.Ng3 h5 11.Be3 Qa5 12.f3 Rc8 13.Qe2 Ne5 14.Rad1 b5 15.a3 Nc4
16.Bxc4 Rxc4 17.Rd4 Rc8 18.Rfd1 h4 19.Nh1 Rh5 20.g4 hxg3 21.Nxg3 Rh8 22.Qd3 Bc6
23.Bd2 Qb6 24.Be3 Qb7 25.Na2 a5 26.Qd2 Qc7 27.b4 d5 28.e5 Nd7 29.f4 g5 30.Qe2 gxf4
31.Bxf4 axb4 32.axb4 Rg8 33.Nc1 Nf8 34.Nd3 Ng6 35.Rf1 Bd7 36.Rf2 Qc3 37.Be3 Ra8
38.Qf3 Ra1+ 39.Kg2 Rg7 40.Rg4 Nh4+ 41.Rxh4 Bxh4 42.Qh5 Bc6 43.Qh8+ Kd7 44.Nc5+ Kc7
45.Qxg7 Qxe3 46.Rxf7+ Kc8 47.Rc7+  1-0

[Event "AUT-chT"]
[Site "AUT"]
[Date "1992.??.??"]
[Round "?"]
[White "Wittmann, Walter"]
[Black "Wallner, Alfred"]
[Result "1-0"]
[WhiteElo "2380"]
[BlackElo "2230"]

1.e4 c5 2.Nc3 Nc6 3.Nge2 e5 4.Nd5 Nf6 5.Nec3 Nxd5 6.Nxd5 g6 7.Bc4 Bg7 8.a4 d6
9.d3 Be6 10.h4 h6 11.h5 g5 12.c3 O-O 13.Ne3 Qd7 14.Qf3 Ne7 15.g4 Kh8 16.Ke2 Rad8
17.Rd1 Ng8 18.Rg1 Nf6 19.Bd2 Qc6 20.Bd5 Bxd5 21.exd5 Qe8 22.Nf5 e4 23.dxe4 Nxe4
24.Be3 b5 25.Rge1 bxa4 26.Kf1 Qb5+ 27.Qe2 Qxe2+ 28.Rxe2 Nf6 29.Rxa4 Nxd5
30.Rxa7 Nb6 31.Bc1 Nc4 32.f4 gxf4 33.Bxf4 Ne5 34.Ra6 Ra8 35.Rxa8 Rxa8 36.Nxd6 Ra1+
37.Kg2 Nxg4 38.Nxf7+ Kg8 39.Nd6 Nf6 40.Re5 Ra4 41.Kf3 Ra1 42.Rxc5 Rf1+ 43.Kg3 Bf8
44.Rf5 Rxf4 45.Kxf4 Bxd6+ 46.Kf3 Kf7 47.Rb5 Ke6 48.c4 Be5 49.b4 Nd7 50.Ke4 Nf6+
51.Kd3 Bf4 52.Rb6+ Kf5 53.b5 Nxh5 54.c5 Nf6 55.c6 Nd5 56.Rb7 Bc7 57.Kc4 Ke6
58.Kc5 Bd6+ 59.Kc4 Bc7 60.Ra7 h5 61.Ra2 Nf4 62.Rd2 Bb6 63.Rd7 Bf2 64.Rh7  1-0

[Event "Aviles"]
[Site "Aviles"]
[Date "1992.??.??"]
[Round "?"]
[White "Iruzubieta, Jesus Maria"]
[Black "Strikovic, Aleksa"]
[Result "1/2-1/2"]
[WhiteElo "2280"]
[BlackElo "2480"]

1.e4 c5 2.Nc3 Nc6 3.Nf3 e5 4.Bc4 d6 5.d3 Be7 6.Nd2 Nf6 7.Nf1 O-O 8.Ne3 Be6
9.O-O Nb4 10.Qe2 a6 11.a3 Nc6 12.Ncd5 b5 13.Nxf6+ Bxf6 14.Bd5 Rc8 15.g3 Bh3
16.Re1 g6 17.Bxc6 Rxc6 18.g4 Bg7 19.Qf3 Qh4 20.Qg3 Bf6 21.Nd5 Bd8 22.Qxh4 Bxh4
23.Bh6 Bxg4 24.Bxf8 Kxf8 25.a4 b4 26.c3 a5 27.cxb4 axb4 28.a5 Ra6 29.Nc7 Ra7
30.Nb5 Ra6 31.Nc7 Ra7 32.Nb5  1/2-1/2

[Event "Bayern-chA"]
[Site "Bad Neustadt"]
[Date "1992.??.??"]
[Round "10"]
[White "Siepelt, Heiner"]
[Black "Doeres, Hans Juergen"]
[Result "1-0"]
[WhiteElo "2275"]
[BlackElo "2250"]

1.e4 c5 2.Nc3 Nc6 3.Nge2 e5 4.Nd5 Nf6 5.Nec3 Nxd5 6.Nxd5 g6 7.Bc4 Bg7 8.d3 O-O
9.Be3 d6 10.Qd2 Kh8 11.c3 Ne7 12.f4 Nxd5 13.Bxd5 exf4 14.Bxf4 Qc7 15.O-O Be6
16.Qf2 Bxd5 17.exd5 Rfe8 18.Rae1 Qd7 19.Qg3 Bf8 20.h3 Kg8 21.c4 a6 22.b3 b5
23.Re4 bxc4 24.Rxe8 Rxe8 25.dxc4 Re2 26.Rf2 Re1+ 27.Kh2 f5 28.Rf3 Re2 29.Re3 Rxe3
30.Qxe3 Kf7 31.a3 Bg7 32.b4 Bd4 33.Qe2 Kf6 34.h4 cxb4 35.axb4 Be5 36.Bxe5+ dxe5
37.Qd2 f4 38.c5 Qg4 39.d6 f3 40.Qg5+ Qxg5 41.hxg5+ Kxg5 42.d7  1-0